000 00681nam a2200217Ii 4500
003 JO-AjNU
008 230605s9999||||xx |||||||||||||| ||und||
017 _a1982/1741
020 _a977-256-492-0
040 _aJO-AjNU
_bara
_erda
_cJO-AjNU
041 _aara
050 1 4 _aHB141.5.M332.1982
100 3 _aعبد الفضيل، محمود,
_eauthor
_936993
245 0 0 _aمقدمة في المحاسبة القومية
264 3 1 _aالقاهرة:دار النهضة العربية،1982
300 _a162ص
336 _atext
_btxt
_2rdacontent
337 _aunmediated
_bn
_2rdamedia
338 _avolume
_bnc
_2rdacarrier
650 4 _aمحاسبة دخل قومي
_936994
999 _aA15418
_c18986
_d18986